000 00276nam a22001217a 4500
008 180515b xxu||||| |||| 00| 0 eng d
041 _aeng
080 _a043.3
100 _a0
101 _aMBE-BTH
245 _aKostot e bazuara në veprimtari
_cKrasniqi,L
942 _2udc
_cBK
999 _c45841
_d45841